01466nam a2200253 a 450000100100000000500170001000800410002702000180006804000250008610000450011124500510015626000620020730000210026949000340029050000700032483000410039495201200043595201980055595201200075395201050087395201110097895201060108999900170119500003176520240316073905.0110701s2012 dr 000 0 spa d a9789993446187 aDO-SdBNPbspacBNPHU1 aVeloz Maggiolo, Marcio,d1936-20219110410aMemorias reversibles /cMarcio Veloz Maggiolo. aSanto Domingo :bAcademia Dominicana de la Lengua,c2012. a121 p. ;c24 cm.1 aLetras de la Academiavno. 15 aIncluye datos biográficos del autor en la solapa de la cubierta 0aLetras de la Academianno. 15957998 001054708DSaGRbGRcHDd2013-03-01iLF1l0o p31765-30r2020-06-25te. 3w2020-06-25yLFDSZPréstamo en sala 001054708DSaGRbGRcHDd2015-06-22iLF1l0o p31765-40r2020-06-25te. 4w2020-06-25yLFDSzPerteneció a la biblioteca personal de Chiqui Vicioso / Fidelio Despradel.ZPréstamo en sala 001054708DSaGRbGRcHDd2015-08-05iLF1l0o p31765-50r2020-06-25te. 5w2020-06-25yLFDSZPréstamo en sala 0010718PDaPDbPDcHDd2011-07-01iLF1l0o p31765-10r2020-06-25w2020-06-25yLFPDZNo se presta 0010718PDaPDbPDcHDd2013-03-01iLF1l0o p31765-20r2020-06-25te. 2w2020-06-25yLFPDZNo se presta 00107-18PDaPDbPDcOId2011-07-01iLF1l0o p31766-10r2020-06-25w2020-06-25yLFPDZNo se presta c31257d31257